000 01244nam a2200325Ia 4500
001 Para_9865
003 CHAP
008 220125s2010 xx 000 0 und d
010 _a208544
040 _cCHAP
090 _aPA CD-TESIS 11
100 _aFlores Martínez, Beatríz Aurora
_941625
245 _aOrganismos asociados a la necrosis de Yemas florales de zarzamora (Rubus sp.) Y su distribución en las zonas productoras de Michoacán /
_c Beatríz Aurora Flores Martínez; Director Angel Rebollar Alvíter
260 _aChapingo, Méx. :
_b el autor
300 _a1 CD ROM (89 p.)
502 _aTesis (M.C. en Protección Vegetal), UACh.Departamento Parasitología Agrícola. UACh.Departamento Parasitología Agrícola
650 _aHongos Fitopatógenos
_956132
650 _aMora
_x enfermedades
_978114
650 _aZarzamora
_x Michoacán
_9123740
700 _aManuel Pinto, Victor, Asesor
_9174967
700 _aRebollar Alvíter, Angel, Director
_9174984
700 _aSilva Rojas, Hilda Victoria, Asesor
_9174985
901 _aPA CD-TESIS 11
902 _aM
905 _a5232202010 an 8000000300 06
910 _a2010
942 _cPARA
942 _cPARA
_d2
999 _c208544
_d208544